Visto y no visto: el uso de la imagen como documento histórico
Uloženo v:
| Hlavní autor: | |
|---|---|
| Médium: | Kniha |
| Jazyk: | španělština |
| Vydáno: |
Barcelona
Crítica
2005
|
| Vydání: | 1a. ed |
| Edice: | Biblioteca de Bolsillo, 121
|
| Témata: | |
| Tagy: |
Přidat tag
Žádné tagy, Buďte první, kdo vytvoří štítek k tomuto záznamu!
|
MARC
| LEADER | 00000nam a2200000 a 4500 | ||
|---|---|---|---|
| 001 | UCK8799 | ||
| 003 | CL-VaPUC | ||
| 008 | 060331e20050000SP |||||||||||||||||spa|d | ||
| 020 | |a 8484326314 | ||
| 082 | 0 | 4 | |a 907.2 |b BUR |2 21 |
| 100 | 0 | |a Burke, Peter |e author |9 498483 | |
| 245 | 1 | 0 | |a Visto y no visto: el uso de la imagen como documento histórico |
| 250 | |a 1a. ed | ||
| 300 | |a 285 p | ||
| 942 | |c BK | ||
| 945 | |d 20060331 00:00:00 |a jtorresc | ||
| 260 | |a Barcelona |b Crítica |c 2005 | ||
| 650 | 0 | |a Enseñanza de la historia |9 307330 | |
| 650 | 0 | |a Métodos de enseñanza |9 270413 | |
| 650 | 0 | |a Cine histórico |9 269320 | |
| 650 | 0 | |a Imágenes |9 361884 | |
| 583 | |a last modification |c 20180403 08:55:57 |k Rodrigo Vera | ||
| 490 | 0 | |a Biblioteca de Bolsillo, 121 | |
| 999 | |c 316207 |d 316205 | ||
| 952 | |0 0 |1 0 |4 0 |6 907_200000000000000_BUR_2005 |7 0 |8 A |9 390390 |a BIBHIS |b BIBHIS |d 2019-11-22 |i 4216881 |l 1 |o 907.2 BUR 2005 |p 4216881 |r 2025-01-20 |s 2021-05-18 |w 2019-11-22 |y BK |k HIS | ||